[Event "GMA World Cup qual f"]
[Site "Moscow URS"]
[Date "1990.??.??"]
[Round "1"]
[White "Miles, Anthony John"]
[Black "Ivanchuk, Vasyl"]
[Result "1/2-1/2"]
[WhiteElo "2580"]
[BlackElo "2665"]
[EventDate "1990.05.??"]
[PlyCount "54"]

1.Nf3 d5 2.d4 Nf6 3.c4 dxc4 4.e3 e6 5.Bxc4 c5 6.O-O a6 7.b3 cxd4 8.Nxd4 
Bd6 9.Bb2 O-O 10.Nd2 Bc7 11.Rc1 Qd6 12.f4 b5 13.Bd3 Bb7 14.Qc2 Bb6 15.Ne4 
Bxe4 16.Bxe4 Ra7 17.Bf3 Rc7 18.Qe2 Rfc8 19.Rxc7 Rxc7 20.Rd1 Qf8 21.Kh1 Qc8
22.h3 Nfd7 23.Be4 g6 24.Nf3 Ba5 25.Ne5 Bc3 26.Bxc3 Rxc3 27.Qd2 Rc7 1/2-1/2

[Event "GMA World Cup qual f"]
[Site "Moscow URS"]
[Date "1990.??.??"]
[Round "1"]
[White "Gurevich, Mikhail"]
[Black "Gavrikov, Viktor"]
[Result "1-0"]
[WhiteElo "2645"]
[BlackElo "2580"]
[EventDate "1990.05.??"]
[PlyCount "85"]

1.d4 Nf6 2.c4 g6 3.Nc3 d5 4.Nf3 Bg7 5.Qb3 dxc4 6.Qxc4 O-O 7.e4 Na6 8.Be2 
c5 9.dxc5 Be6 10.Qb5 Rc8 11.c6 Rxc6 12.Qxb7 Rxc3 13.Qxa6 Nxe4 14.O-O Rc7 
15.Bf4 Nd6 16.Be5 Qb8 17.Bxg7 Kxg7 18.b3 Qb4 19.Rad1 Nf5 20.Rfe1 Rb8 21.
Bf1 Rb6 22.Qe2 f6 23.h3 Bg8 24.Rd8 Rd6 25.Rd1 Rxd1 26.Rxd1 a5 27.g4 Nd6 
28.Nd4 e5 29.Nc2 Qc5 30.Ne3 Be6 31.h4 Ne4 32.Qf3 Nc3 33.Rd2 a4 34.Bc4 Bxc4
35.Nxc4 Nxa2 36.Nd6 Qc1+ 37.Kg2 Qxd2 38.Ne8+ Kf7 39.Nxc7 Nc3 40.Qc6 Kg7 
41.Qe8 Qd6 42.Ne6+ Kh6 43.Qf7 1-0

[Event "GMA World Cup qual f"]
[Site "Moscow URS"]
[Date "1990.??.??"]
[Round "1"]
[White "Dolmatov, Sergei"]
[Black "Psakhis, Lev"]
[Result "1-0"]
[WhiteElo "2620"]
[BlackElo "2570"]
[EventDate "1990.05.??"]
[PlyCount "125"]

1.e4 c5 2.Nf3 d6 3.d4 cxd4 4.Nxd4 Nf6 5.Nc3 e6 6.Be2 Be7 7.O-O O-O 8.Be3 
Nc6 9.f4 e5 10.Nb3 exf4 11.Bxf4 Be6 12.Kh1 d5 13.e5 Nd7 14.Nxd5 Ndxe5 15.
c4 Bg5 16.Nc5 Bxf4 17.Nxe6 fxe6 18.Nxf4 Qe7 19.Qb3 Nd4 20.Qe3 Nxe2 21.Qxe2
Rf5 22.Nh5 Nc6 23.Rxf5 exf5 24.Qxe7 Nxe7 25.Rd1 Rc8 26.b3 Rc7 27.Nf4 Kf7 
28.Rd6 Nc8 29.Rd5 Ne7 30.Rd6 Nc8 31.Rd8 Nb6 32.Kg1 Rd7 33.Rb8 g5 34.Ne2 
Kf6 35.Kf2 f4 36.g3 fxg3+ 37.hxg3 h5 38.a4 Rc7 39.Nc3 Kf5 40.Rf8+ Ke5 41.
Re8+ Kf5 42.a5 Nxc4 43.Nb5 Rc5 44.bxc4 Kg4 45.a6 bxa6 46.Nd6 Kh3 47.Re1 
Rc6 48.Rh1+ Kg4 49.Rd1 h4 50.gxh4 gxh4 51.Rd4+ Kg5 52.Kf3 a5 53.c5 h3 54.
Ne4+ Kf5 55.Rd5+ Ke6 56.Rh5 a4 57.Kf4 Rc7 58.Rxh3 Rf7+ 59.Ke3 Kd5 60.Rh5+ 
Kc6 61.Rh6+ Kd5 62.Rd6+ Ke5 63.Nd2 1-0

[Event "GMA World Cup qual f"]
[Site "Moscow URS"]
[Date "1990.??.??"]
[Round "1"]
[White "Eingorn, Viacheslav"]
[Black "Gelfand, Boris"]
[Result "1/2-1/2"]
[WhiteElo "2570"]
[BlackElo "2615"]
[EventDate "1990.05.??"]
[PlyCount "76"]

1.d4 Nf6 2.Nf3 e6 3.c4 b6 4.g3 Ba6 5.b3 d5 6.cxd5 exd5 7.Bg2 Bb4+ 8.Bd2 
Bxd2+ 9.Qxd2 O-O 10.Nc3 Re8 11.O-O Ne4 12.Nxe4 dxe4 13.Ng5 Nc6 14.Rfd1 
Nxd4 15.Nxf7 Nxe2+ 16.Qxe2 Bxe2 17.Rxd8 Raxd8 18.Nxd8 Rxd8 19.Bxe4 c5 20.
Rc1 Rd4 21.f3 Rd2 22.a3 a5 23.Rc3 Kf7 24.f4 h6 25.Rc2 Rd1+ 26.Kf2 Bd3 27.
Bxd3 Rxd3 28.b4 axb4 29.axb4 cxb4 30.Rc6 b5 31.Rc5 Ke6 32.Rxb5 b3 33.Ke2 
Rc3 34.Kd2 Rc2+ 35.Kd3 Rxh2 36.Rxb3 Kf5 37.Ke3 Kg4 38.Rb7 g5 1/2-1/2

[Event "GMA World Cup qual f"]
[Site "Moscow URS"]
[Date "1990.??.??"]
[Round "1"]
[White "Vladimirov, Evgeny"]
[Black "Gulko, Boris"]
[Result "1/2-1/2"]
[WhiteElo "2565"]
[BlackElo "2610"]
[EventDate "1990.05.??"]
[PlyCount "36"]

1.d4 Nf6 2.c4 g6 3.Nc3 d5 4.Nf3 Bg7 5.Qb3 dxc4 6.Qxc4 O-O 7.e4 a6 8.Be2 b5
9.Qb3 c5 10.dxc5 Nbd7 11.c6 Nc5 12.Qc2 b4 13.Na4 Nxa4 14.Qxa4 Nxe4 15.O-O 
Qc7 16.a3 bxa3 17.Rxa3 Nd6 18.Bd2 Bxb2 1/2-1/2

[Event "GMA World Cup qual f"]
[Site "Moscow URS"]
[Date "1990.??.??"]
[Round "1"]
[White "Portisch, Lajos"]
[Black "Spraggett, Kevin"]
[Result "1-0"]
[WhiteElo "2605"]
[BlackElo "2555"]
[EventDate "1990.05.??"]
[PlyCount "79"]

1.c4 g6 2.d4 Bg7 3.Nc3 d6 4.e4 Nf6 5.Nf3 O-O 6.Be2 e5 7.O-O Nc6 8.Be3 Ng4 
9.Bg5 f6 10.Bc1 Nh6 11.dxe5 dxe5 12.Qd5+ Kh8 13.Be3 Qe8 14.Rad1 Be6 15.Qb5
Rb8 16.Qa4 a6 17.Bc5 Rf7 18.Nd5 Ng8 19.Kh1 Bh6 20.b4 b6 21.Be3 Bxe3 22.
fxe3 a5 23.a3 axb4 24.axb4 Ra8 25.Qb3 Nh6 26.Rc1 Qf8 27.Rb1 Ra7 28.Qc3 Ra2
29.Nd2 Kg7 30.h3 Ng8 31.Bd1 Qc8 32.Kh2 h5 33.Bb3 Ra3 34.c5 bxc5 35.Qxc5 
Nd8 36.b5 Ra8 37.Rfc1 Qb7 38.Nxc7 Bxb3 39.Rxb3 Ra2 40.Ne8+ 1-0

[Event "GMA World Cup qual f"]
[Site "Moscow URS"]
[Date "1990.??.??"]
[Round "1"]
[White "Nogueiras Santiago, Jesus"]
[Black "Sax, Gyula"]
[Result "1/2-1/2"]
[WhiteElo "2555"]
[BlackElo "2605"]
[EventDate "1990.05.??"]
[PlyCount "35"]

1.d4 Nf6 2.Nf3 e6 3.g3 c5 4.Bg2 cxd4 5.Nxd4 a6 6.O-O Qc7 7.Nb3 Be7 8.Bf4 
d6 9.Qd2 O-O 10.Rd1 Rd8 11.c4 Nc6 12.Nc3 Nh5 13.c5 Nxf4 14.Qxf4 b6 15.cxb6
Qxb6 16.Na4 Qb5 17.Nc3 Qb6 18.Na4 1/2-1/2

[Event "GMA World Cup qual f"]
[Site "Moscow URS"]
[Date "1990.??.??"]
[Round "1"]
[White "Vaganian, Rafael"]
[Black "Akopian, Vladimir"]
[Result "1/2-1/2"]
[WhiteElo "2605"]
[BlackElo "2550"]
[EventDate "1990.05.??"]
[PlyCount "108"]

1.Nf3 Nf6 2.c4 e6 3.g3 d5 4.Bg2 c6 5.b3 Be7 6.O-O O-O 7.Bb2 Nbd7 8.d3 b6 
9.e4 Bb7 10.Qe2 a5 11.Nc3 dxc4 12.dxc4 e5 13.Rfd1 Qc7 14.Na4 Rfe8 15.Rac1 
Bf8 16.Ne1 Ba6 17.Nd3 Rad8 18.Qe3 Qb8 19.h3 Bc8 20.Rd2 b5 21.cxb5 cxb5 22.
Nac5 Nxc5 23.Nxc5 Rxd2 24.Qxd2 Qb6 25.Qc2 Bd6 26.a3 b4 27.axb4 axb4 28.Qc4
h6 29.Rc2 Bxc5 30.Qxc5 Qxc5 31.Rxc5 Be6 32.Rb5 Bxb3 33.Rxb4 Be6 34.f4 exf4
35.gxf4 Nd7 36.Kf2 Rb8 37.Rxb8+ Nxb8 38.Ke3 Nc6 39.Ba3 g6 40.h4 Bg4 41.Bf1
Nd8 42.Be7 Ne6 43.Bf6 Kf8 44.Bc4 Kg8 45.Bd3 Nc5 46.Bc2 Ne6 47.Bb2 f5 48.
Bb3 fxe4 49.Kxe4 h5 50.Ke5 Kf7 51.Ba3 Bf5 52.Bf8 Bg4 53.Bh6 Ke7 54.Bg5+ 
Kf7 1/2-1/2

[Event "GMA World Cup qual f"]
[Site "Moscow URS"]
[Date "1990.??.??"]
[Round "1"]
[White "Nikolic, Predrag"]
[Black "Timoshenko, Georgy"]
[Result "1-0"]
[WhiteElo "2600"]
[BlackElo "2540"]
[EventDate "1990.05.??"]
[PlyCount "39"]

1.d4 Nf6 2.c4 g6 3.g3 c6 4.Bg2 d5 5.cxd5 cxd5 6.Nc3 Bg7 7.Nh3 Nc6 8.Nf4 
O-O 9.O-O e6 10.e3 Bd7 11.Bd2 Qe7 12.a3 Rfc8 13.b4 Ne8 14.b5 Nd8 15.Qb3 
Nd6 16.Rfc1 b6 17.a4 N8b7 18.Nd1 Nc4 19.Bb4 Nba5 20.Qxc4 1-0

[Event "GMA World Cup qual f"]
[Site "Moscow URS"]
[Date "1990.??.??"]
[Round "1"]
[White "King, Daniel John"]
[Black "Chernin, Alexander"]
[Result "0-1"]
[WhiteElo "2515"]
[BlackElo "2600"]
[EventDate "1990.05.??"]
[PlyCount "84"]

1.e4 e6 2.d4 d5 3.Nc3 Nf6 4.Bg5 dxe4 5.Nxe4 Be7 6.Bxf6 Bxf6 7.Nf3 O-O 8.
Qd3 Nd7 9.O-O-O b6 10.h4 Bb7 11.Nfg5 Bxg5+ 12.hxg5 Bxe4 13.Qxe4 Qxg5+ 14.
Kb1 Nf6 15.Qc6 Qf4 16.Rh3 Rad8 17.c3 Rd6 18.Qxc7 Rxd4 19.Qxf4 Rxf4 20.f3 
h5 21.Ba6 Rf5 22.b4 Nd5 23.Kb2 g6 24.Kb3 Rg5 25.g3 Re5 26.Rh2 Rb8 27.a4 
Re3 28.Rd3 Rxd3 29.Bxd3 Rd8 30.Bb1 Kf8 31.c4 Ne7 32.g4 hxg4 33.fxg4 Rd4 
34.g5 Nc6 35.Rh8+ Ke7 36.Rc8 Kd7 37.Rf8 Rf4 38.a5 bxa5 39.b5 a4+ 40.Kxa4 
Rxc4+ 41.Ka3 Ne5 42.Ra8 Kc7 0-1

[Event "GMA World Cup qual f"]
[Site "Moscow URS"]
[Date "1990.??.??"]
[Round "1"]
[White "Seirawan, Yasser"]
[Black "Makarichev, Sergei"]
[Result "1/2-1/2"]
[WhiteElo "2595"]
[BlackElo "2510"]
[EventDate "1990.05.??"]
[PlyCount "63"]

1.d4 Nf6 2.c4 e6 3.Nc3 Bb4 4.Qc2 Nc6 5.e3 e5 6.dxe5 Nxe5 7.Nf3 Nxf3+ 8.
gxf3 b6 9.Bd2 Bb7 10.Be2 Qe7 11.O-O-O Bxc3 12.Bxc3 O-O-O 13.Qf5 Qe6 14.
Qxe6 fxe6 15.Rhg1 Rhg8 16.Rg3 Rdf8 17.Rdg1 g6 18.Rh3 Rf7 19.Kd2 Rgf8 20.
Ke1 Re7 21.Bxf6 Rxf6 22.f4 Kd8 23.Rhg3 Ref7 24.Rg5 d6 25.f3 d5 26.Kf2 c5 
27.Rd1 Kc7 28.Re5 d4 29.exd4 Rxf4 30.dxc5 Bxf3 31.cxb6+ axb6 32.Bxf3 
1/2-1/2

[Event "GMA World Cup qual f"]
[Site "Moscow URS"]
[Date "1990.??.??"]
[Round "1"]
[White "Chandler, Murray Graham"]
[Black "Arnason, Jon"]
[Result "1/2-1/2"]
[WhiteElo "2585"]
[BlackElo "2500"]
[EventDate "1990.05.??"]
[PlyCount "47"]

1.e4 c5 2.Nc3 d6 3.f4 Nc6 4.Nf3 g6 5.Bc4 Bg7 6.O-O e6 7.f5 gxf5 8.d3 Nf6 
9.exf5 O-O 10.a3 d5 11.Ba2 exf5 12.Bg5 Be6 13.Qd2 Ne7 14.Ne2 Ng6 15.Ng3 
Qd6 16.Bxf6 Bxf6 17.Nh5 Bh8 18.Qh6 f6 19.Rae1 Rae8 20.c3 Rf7 21.d4 c4 22.
Bb1 Qf8 23.Qd2 Bg7 24.Qf2 1/2-1/2

[Event "GMA World Cup qual f"]
[Site "Moscow URS"]
[Date "1990.??.??"]
[Round "1"]
[White "Naumkin, Igor"]
[Black "Sokolov, Andrei"]
[Result "1/2-1/2"]
[WhiteElo "2455"]
[BlackElo "2585"]
[EventDate "1990.05.??"]
[PlyCount "44"]

1.d4 Nf6 2.c4 e6 3.Nf3 b6 4.a3 Bb7 5.Nc3 d5 6.cxd5 Nxd5 7.Qc2 Nxc3 8.bxc3 
Be7 9.e4 O-O 10.Bd3 c5 11.O-O Qc8 12.Qe2 Ba6 13.Bb2 Bxd3 14.Qxd3 Qa6 15.
Qe3 Nd7 16.a4 Rac8 17.Rfd1 cxd4 18.cxd4 Rc2 19.Rd2 Qc4 20.d5 Bc5 21.Rxc2 
Qxc2 22.Bd4 exd5 1/2-1/2

[Event "GMA World Cup qual f"]
[Site "Moscow URS"]
[Date "1990.??.??"]
[Round "2"]
[White "Ivanchuk, Vasyl"]
[Black "Tukmakov, Vladimir"]
[Result "1/2-1/2"]
[WhiteElo "2665"]
[BlackElo "2570"]
[EventDate "1990.05.??"]
[PlyCount "71"]

1.e4 c5 2.Nf3 d6 3.d4 cxd4 4.Nxd4 Nf6 5.Nc3 Nc6 6.Bg5 e6 7.Qd2 a6 8.O-O-O 
Bd7 9.Nxc6 Bxc6 10.Qe1 Qa5 11.Bxf6 gxf6 12.Bd3 O-O-O 13.f4 h5 14.Qh4 Be7 
15.Rhe1 Rdg8 16.g3 Bd8 17.Qh3 Kb8 18.Kb1 Qc5 19.Ne2 Bb6 20.Nc1 d5 21.exd5 
Bxd5 22.Be4 Bxe4 23.Rxe4 Rd8 24.Nd3 Qc6 25.Ree1 Qf3 26.Qf1 Qxf1 27.Rxf1 h4
28.g4 h3 29.g5 fxg5 30.fxg5 Rd5 31.Rxf7 Rxg5 32.a4 Rg1 33.Rxg1 Bxg1 34.Rf3
e5 35.Nf2 Bxf2 36.Rxf2 1/2-1/2

[Event "GMA World Cup qual f"]
[Site "Moscow URS"]
[Date "1990.??.??"]
[Round "2"]
[White "Beliavsky, Alexander"]
[Black "Miles, Anthony John"]
[Result "1-0"]
[WhiteElo "2640"]
[BlackElo "2580"]
[EventDate "1990.05.??"]
[PlyCount "87"]

1.d4 Nf6 2.c4 e6 3.Nf3 b6 4.g3 Bb4+ 5.Bd2 Bxd2+ 6.Qxd2 Ba6 7.b3 c6 8.Qf4 
d5 9.Nbd2 Nbd7 10.e4 dxe4 11.Nxe4 Nxe4 12.Qxe4 O-O 13.Bg2 b5 14.c5 Qa5+ 
15.Kf1 Qc3 16.Re1 b4+ 17.Kg1 Bb5 18.Qb1 Bd3 19.Qd1 Bb5 20.Bf1 a6 21.Kg2 
Qb2 22.Qa1 Qc2 23.Rc1 Qf5 24.Bc4 Bxc4 25.Rxc4 a5 26.Re1 Qd5 27.Qc1 Rae8 
28.Qf4 f6 29.Qd6 e5 30.dxe5 Nxe5 31.Qxd5+ cxd5 32.Rc2 Nxf3 33.Rxe8 Rxe8 
34.Kxf3 Kf7 35.c6 Rc8 36.Ke3 Ke6 37.Kd4 Kd6 38.c7 h5 39.f4 g6 40.Rc5 Rxc7 
41.Rxc7 Kxc7 42.Kxd5 Kb6 43.Ke6 f5 44.Kf6 1-0

[Event "GMA World Cup qual f"]
[Site "Moscow URS"]
[Date "1990.??.??"]
[Round "2"]
[White "Gulko, Boris"]
[Black "Eingorn, Viacheslav"]
[Result "1/2-1/2"]
[WhiteElo "2610"]
[BlackElo "2570"]
[EventDate "1990.05.??"]
[PlyCount "37"]

1.d4 e6 2.c4 Bb4+ 3.Bd2 a5 4.Nc3 Nf6 5.e3 d6 6.Bd3 e5 7.Nge2 O-O 8.O-O Nc6
9.d5 Ne7 10.a3 Bc5 11.Rb1 c6 12.b4 axb4 13.axb4 Bb6 14.dxc6 bxc6 15.Na4 
Bc7 16.Ng3 d5 17.cxd5 cxd5 18.Qc2 h5 19.b5 1/2-1/2

[Event "GMA World Cup qual f"]
[Site "Moscow URS"]
[Date "1990.??.??"]
[Round "2"]
[White "Khalifman, Alexander"]
[Black "Vaganian, Rafael"]
[Result "1-0"]
[WhiteElo "2560"]
[BlackElo "2605"]
[EventDate "1990.05.??"]
[PlyCount "163"]

1.e4 e6 2.d4 d5 3.Nc3 Nf6 4.e5 Nfd7 5.f4 c5 6.Nf3 Nc6 7.Be3 Qb6 8.Na4 Qa5+
9.c3 c4 10.b4 Qc7 11.Nc5 Be7 12.Nxd7 Bxd7 13.a4 O-O-O 14.g3 f5 15.h3 h5 
16.Be2 g6 17.Qd2 Rdg8 18.Kf2 Nd8 19.Ng5 Rf8 20.Kg2 Nf7 21.Nf3 Rfg8 22.h4 
Kd8 23.Rhb1 Ke8 24.b5 Kf8 25.a5 Qc8 26.Qa2 Kg7 27.Nd2 Nh6 28.Nf1 Qe8 29.
Qb2 Ng4 30.Bc1 Rf8 31.Bd1 Rf7 32.b6 a6 33.Qa2 Qf8 34.Ba3 Bxa3 35.Qxa3 Qxa3
36.Rxa3 Bc6 37.Rb2 Rc8 38.Kf3 Kf8 39.Rg2 Ke7 40.Ke2 Rff8 41.Kd2 Rh8 42.Kc1
Rhf8 43.Kb2 Rh8 44.Ra1 Rhf8 45.Ka3 Rh8 46.Bf3 Rhf8 47.Re2 Rh8 48.Nd2 Rhf8 
49.Kb4 Rh8 50.Rh1 Rhf8 51.Bg2 Rh8 52.Rhe1 Rhf8 53.Bf1 Nh6 54.Nb1 Nf7 55.
Ka3 Nh6 56.Ra2 Bd7 57.Kb2 Ng4 58.Na3 Nf2 59.Nc2 g5 60.hxg5 h4 61.gxh4 Rh8 
62.Nb4 Rxh4 63.Bg2 Nd3+ 64.Nxd3 cxd3 65.Rf1 Bb5 66.Rf2 Rg4 67.Ra1 Rh8 68.
Rd1 Rhh4 69.Bf1 Rg3 70.Rfd2 Rh1 71.Bxd3 Rxd1 72.Rxd1 Bxd3 73.Rh1 Kd7 74.
Kb3 Kc6 75.Kb4 Kd7 76.Rh7+ Kd8 77.Rxb7 Bb5 78.Rc7 Bd7 79.Kc5 Rxc3+ 80.Kd6 
Rxc7 81.bxc7+ Ke8 82.Kc5 1-0

[Event "GMA World Cup qual f"]
[Site "Moscow URS"]
[Date "1990.??.??"]
[Round "2"]
[White "Akopian, Vladimir"]
[Black "Polugaevsky, Lev"]
[Result "1/2-1/2"]
[WhiteElo "2550"]
[BlackElo "2610"]
[EventDate "1990.05.??"]
[PlyCount "54"]

1.d4 Nf6 2.c4 e6 3.Nf3 b6 4.Bf4 Bb7 5.e3 Be7 6.h3 c5 7.dxc5 bxc5 8.Nc3 O-O
9.Be2 Nc6 10.O-O d6 11.Qc2 Qb6 12.Rad1 Rfd8 13.Rd2 Rd7 14.Rfd1 Rad8 15.Ng5
h6 16.Nge4 Nxe4 17.Nxe4 d5 18.cxd5 Nb4 19.Qa4 Rxd5 20.a3 Bc6 21.Qb3 Rxd2 
22.Nxd2 Nd5 23.Be5 Qxb3 24.Nxb3 Ba4 25.Bc4 Nb6 26.Rxd8+ Bxd8 27.Na5 Nxc4 
1/2-1/2

[Event "GMA World Cup qual f"]
[Site "Moscow URS"]
[Date "1990.??.??"]
[Round "2"]
[White "Dorfman, Josif"]
[Black "Nogueiras Santiago, Jesus"]
[Result "1-0"]
[WhiteElo "2595"]
[BlackElo "2555"]
[EventDate "1990.05.??"]
[PlyCount "53"]

1.c4 e6 2.Nf3 d5 3.g3 dxc4 4.Qa4+ Nd7 5.Bg2 c5 6.Qxc4 Ngf6 7.d3 Bd6 8.a4 
O-O 9.O-O Nb6 10.Qc2 Bd7 11.e4 Bc6 12.Nbd2 e5 13.b3 Re8 14.Bb2 Nfd7 15.a5 
Nc8 16.Nc4 Bc7 17.Rfd1 b5 18.axb6 axb6 19.Rxa8 Bxa8 20.Bh3 f6 21.b4 Ne7 
22.Ra1 Nf8 23.bxc5 bxc5 24.Ba3 Nc6 25.Bxc5 Ne6 26.Bxe6+ Rxe6 27.Qa2 1-0

[Event "GMA World Cup qual f"]
[Site "Moscow URS"]
[Date "1990.??.??"]
[Round "2"]
[White "Gavrikov, Viktor"]
[Black "Spraggett, Kevin"]
[Result "1/2-1/2"]
[WhiteElo "2580"]
[BlackElo "2555"]
[EventDate "1990.05.??"]
[PlyCount "131"]

1.d4 f5 2.c4 Nf6 3.Nc3 g6 4.g3 Bg7 5.Bg2 O-O 6.Nh3 Nc6 7.O-O d6 8.d5 Ne5 
9.b3 Bd7 10.Bd2 c5 11.a4 Rb8 12.a5 Ne8 13.f3 Nc7 14.Nf2 b5 15.axb6 axb6 
16.e4 b5 17.f4 Nf7 18.Rc1 bxc4 19.bxc4 Na6 20.g4 fxg4 21.Nxg4 Rb2 22.Nf2 
Nb4 23.Rb1 Rxb1 24.Qxb1 Qa5 25.Qb3 Rb8 26.Bf3 Nc6 27.Qc2 Nd4 28.Qd3 Nxf3+ 
29.Qxf3 Rb2 30.Be1 Rb3 31.Nfd1 Qa6 32.Qd3 Rb4 33.Ne3 Bd4 34.Kh1 Bxe3 35.
Qxe3 Qxc4 36.Rg1 Qd4 37.Qg3 Rb3 38.h4 Rxc3 39.Bxc3 Qxe4+ 40.Kh2 Nh6 41.Re1
Qc2+ 42.Kg1 Nf5 43.Qh3 h5 44.Rxe7 Qc1+ 45.Re1 Qxf4 46.Ra1 Kf7 47.Ra7 Qc1+ 
48.Kf2 Qc2+ 49.Kg1 Qd1+ 50.Kf2 Ke7 51.Qf3 Qxf3+ 52.Kxf3 Nxh4+ 53.Kf4 Nf5 
54.Kg5 Ne3 55.Bf6+ Ke8 56.Kxg6 Bf5+ 57.Kg5 Bd7 58.Ra8+ Kf7 59.Rd8 Nxd5 60.
Rxd7+ Ke6 61.Rg7 Nxf6 62.Rg6 c4 63.Rxf6+ Ke5 64.Rf5+ Ke4 65.Rf4+ Kd3 66.
Rf5 1/2-1/2

[Event "GMA World Cup qual f"]
[Site "Moscow URS"]
[Date "1990.??.??"]
[Round "2"]
[White "Psakhis, Lev"]
[Black "Pigusov, Evgeny"]
[Result "1/2-1/2"]
[WhiteElo "2570"]
[BlackElo "2545"]
[EventDate "1990.05.??"]
[PlyCount "34"]

1.e4 c5 2.Nf3 d6 3.d4 cxd4 4.Nxd4 Nf6 5.Nc3 a6 6.Be2 e5 7.Nb3 Be7 8.Be3 
Be6 9.f4 exf4 10.Bxf4 Nc6 11.Qd2 d5 12.exd5 Nxd5 13.Nxd5 Qxd5 14.O-O-O Qe4
15.Bf3 Qc4 16.Bxc6+ bxc6 17.Qd4 O-O 1/2-1/2

[Event "GMA World Cup qual f"]
[Site "Moscow URS"]
[Date "1990.??.??"]
[Round "2"]
[White "Sax, Gyula"]
[Black "Hjartarson, Johann"]
[Result "1-0"]
[WhiteElo "2605"]
[BlackElo "2505"]
[EventDate "1990.05.??"]
[PlyCount "103"]

1.e4 c5 2.Nf3 d6 3.d4 cxd4 4.Nxd4 Nf6 5.Nc3 a6 6.f4 e6 7.Bd3 Nbd7 8.Nf3 
Qc7 9.O-O b5 10.Qe2 Bb7 11.Bd2 Be7 12.a4 bxa4 13.Nxa4 O-O 14.c4 a5 15.Kh1 
Bc6 16.Nc3 Nc5 17.Bc2 Qb7 18.e5 dxe5 19.Nxe5 Rfc8 20.Nxc6 Qxc6 21.f5 Bf8 
22.Nb5 exf5 23.Rxa5 Rxa5 24.Bxa5 Nce4 25.Rxf5 Qxc4 26.Qxc4 Rxc4 27.Nc3 g6 
28.Rf4 Bh6 29.Rxe4 Nxe4 30.Bxe4 Bd2 31.Bd5 Rd4 32.Bf3 Bc1 33.b4 Bd2 34.Nd5
h5 35.g3 Rd3 36.Kg2 Rb3 37.Be4 f5 38.Bf3 Kf7 39.Nf4 Rb2 40.Nd3 Rb1 41.Kf2 
Bc3 42.Ke2 Kg7 43.h4 Kh6 44.Bd5 f4 45.gxf4 Bf6 46.Bc7 Bxh4 47.Bc6 Bf6 48.
b5 Bd4 49.Ne5 h4 50.Nf3 Rb2+ 51.Kf1 Rb1+ 52.Kg2 1-0

[Event "GMA World Cup qual f"]
[Site "Moscow URS"]
[Date "1990.??.??"]
[Round "2"]
[White "Timoshenko, Georgy"]
[Black "Hulak, Krunoslav"]
[Result "0-1"]
[WhiteElo "2540"]
[BlackElo "2560"]
[EventDate "1990.05.??"]
[PlyCount "112"]

1.e4 c5 2.Nf3 d6 3.d4 cxd4 4.Nxd4 Nf6 5.Nc3 a6 6.Be2 e5 7.Nb3 Be7 8.O-O 
Be6 9.a4 O-O 10.Be3 Nc6 11.Qd2 Rc8 12.Rfd1 Nb4 13.Bf3 b6 14.Rac1 Qc7 15.h3
Qb8 16.Nd5 Nbxd5 17.exd5 Bf5 18.c4 a5 19.Na1 Nd7 20.Bg4 Bxg4 21.hxg4 Qc7 
22.b3 Nc5 23.Rb1 Qd7 24.Qe2 f5 25.gxf5 Rxf5 26.Nc2 Rcf8 27.Qg4 h5 28.Qh3 
Qe8 29.Ne1 Qf7 30.Rb2 Bg5 31.Bxc5 bxc5 32.Nf3 Bh6 33.Re2 g5 34.Qg3 g4 35.
Nd2 Bxd2 36.Rdxd2 Qf6 37.Re4 Rf7 38.Rde2 Rg7 39.Qc3 Qd8 40.Qd2 Rg6 41.Qc3 
h4 42.R4e3 Kh7 43.Qd3 Qf6 44.b4 axb4 45.a5 Rg7 46.a6 Qg6 47.Ra2 Rf8 48.Qd1
Ra7 49.f3 Rf4 50.fxg4 Qxg4 51.Qa4 Rxc4 52.Rf3 Rc1+ 53.Kh2 e4 54.Rh3 Rg7 
55.Qb3 Qf4+ 56.g3 Qf1 0-1

[Event "GMA World Cup qual f"]
[Site "Moscow URS"]
[Date "1990.??.??"]
[Round "2"]
[White "Malaniuk, Vladimir"]
[Black "Seirawan, Yasser"]
[Result "1/2-1/2"]
[WhiteElo "2505"]
[BlackElo "2595"]
[EventDate "1990.05.??"]
[PlyCount "37"]

1.f4 d5 2.Nf3 g6 3.g3 Bg7 4.Bg2 c5 5.d3 Nh6 6.O-O d4 7.c3 Nf5 8.e4 dxe3 9.
Na3 Nc6 10.Qe2 Rb8 11.Nc4 O-O 12.Bxe3 Nxe3 13.Qxe3 b6 14.Nfe5 Nxe5 15.Nxe5
Bb7 16.Bxb7 Rxb7 17.Rad1 Bxe5 18.fxe5 Rd7 19.e6 1/2-1/2

[Event "GMA World Cup qual f"]
[Site "Moscow URS"]
[Date "1990.??.??"]
[Round "2"]
[White "Makarichev, Sergei"]
[Black "Chandler, Murray Graham"]
[Result "0-1"]
[WhiteElo "2510"]
[BlackElo "2585"]
[EventDate "1990.05.??"]
[PlyCount "94"]

1.e4 c5 2.Nf3 Nc6 3.Bb5 Nf6 4.Bxc6 dxc6 5.d3 g6 6.h3 Bg7 7.Nc3 O-O 8.Be3 
b6 9.Qd2 Ne8 10.Bh6 f6 11.e5 Be6 12.O-O-O Bd5 13.Bxg7 Nxg7 14.Ne4 Qd7 15.
Rhe1 Rad8 16.b3 Qc7 17.exf6 exf6 18.Kb2 Nf5 19.Qc3 Qg7 20.Re2 Nd4 21.Nxd4 
cxd4 22.Qd2 a5 23.Rde1 c5 24.g4 a4 25.g5 fxg5 26.Nxg5 Rd7 27.Re8 Qf6 28.
Qe2 a3+ 29.Kb1 Rd8 30.Rxd8 Rxd8 31.Qe7 Qxe7 32.Rxe7 Rf8 33.Ra7 h6 34.Ne4 
Bxe4 35.dxe4 Rxf2 36.Rxa3 g5 37.Ra6 h5 38.Rxb6 Kf7 39.Rh6 g4 40.Rxh5 g3 
41.Rg5 d3 42.Rxg3 Rf1+ 43.Kb2 d2 44.Rd3 d1=Q 45.Rxd1 Rxd1 46.Kc3 Rd4 47.a3
Rxe4 0-1

[Event "GMA World Cup qual f"]
[Site "Moscow URS"]
[Date "1990.??.??"]
[Round "2"]
[White "Sokolov, Andrei"]
[Black "Timoschenko, Gennady"]
[Result "1-0"]
[WhiteElo "2585"]
[BlackElo "2505"]
[EventDate "1990.05.??"]
[PlyCount "55"]

1.e4 c5 2.Nf3 d6 3.d4 cxd4 4.Nxd4 Nf6 5.Nc3 a6 6.Bc4 e6 7.Bb3 Nc6 8.Be3 
Na5 9.f4 b5 10.e5 dxe5 11.fxe5 Nxb3 12.axb3 Nd5 13.Qf3 Bb7 14.O-O Qc7 15.
Nxd5 Bxd5 16.Qf2 Qb7 17.Nxb5 Bb4 18.Ra4 O-O 19.Rxb4 axb5 20.Rg4 h5 21.
Rxg7+ Kxg7 22.Qf6+ Kh7 23.Qh6+ Kg8 24.Qg5+ Kh8 25.Qxh5+ Kg8 26.Qg5+ Kh8 
27.Qf6+ Kh7 28.Rf4 1-0

[Event "GMA World Cup qual f"]
[Site "Moscow URS"]
[Date "1990.??.??"]
[Round "3"]
[White "Georgiev, Kiril"]
[Black "Beliavsky, Alexander"]
[Result "1/2-1/2"]
[WhiteElo "2605"]
[BlackElo "2640"]
[EventDate "1990.05.??"]
[PlyCount "34"]

1.d4 Nf6 2.Nf3 b6 3.c4 e6 4.Nc3 Bb7 5.a3 d5 6.cxd5 Nxd5 7.Qc2 Be7 8.e4 
Nxc3 9.bxc3 O-O 10.Bd3 c5 11.O-O Qc8 12.Qe2 Ba6 13.Bg5 Bxg5 14.Nxg5 cxd4 
15.cxd4 Bxd3 16.Qxd3 Qa6 17.Qxa6 Nxa6 1/2-1/2

[Event "GMA World Cup qual f"]
[Site "Moscow URS"]
[Date "1990.??.??"]
[Round "3"]
[White "Ivanchuk, Vasyl"]
[Black "Khalifman, Alexander"]
[Result "1/2-1/2"]
[WhiteElo "2665"]
[BlackElo "2560"]
[EventDate "1990.05.??"]
[PlyCount "47"]

1.d4 d5 2.c4 c6 3.Nf3 Nf6 4.Nc3 dxc4 5.a4 Bf5 6.e3 e6 7.Bxc4 Bb4 8.O-O 
Nbd7 9.Nh4 Bg6 10.Be2 O-O 11.Nxg6 hxg6 12.Qc2 Qb6 13.Rd1 e5 14.dxe5 Nxe5 
15.Na2 Be7 16.b4 Rac8 17.Bb2 Qc7 18.g3 Rfe8 19.b5 c5 20.Bxe5 Qxe5 21.Bc4 
Qf5 22.Qxf5 gxf5 23.Nc3 Red8 24.a5 1/2-1/2

[Event "GMA World Cup qual f"]
[Site "Moscow URS"]
[Date "1990.??.??"]
[Round "3"]
[White "Dolmatov, Sergei"]
[Black "Chernin, Alexander"]
[Result "1/2-1/2"]
[WhiteElo "2620"]
[BlackElo "2600"]
[EventDate "1990.05.??"]
[PlyCount "67"]

1.e4 d6 2.d4 Nf6 3.Nc3 g6 4.f4 Bg7 5.Nf3 c5 6.Bb5+ Bd7 7.e5 Ng4 8.e6 fxe6 
9.Ng5 Bxb5 10.Nxb5 Qa5+ 11.c3 Qxb5 12.Qxg4 cxd4 13.Nxe6 Qc4 14.Nxg7+ Kf7 
15.Nf5 Qe6+ 16.Ne3 dxe3 17.Qf3 Nc6 18.O-O Rhf8 19.Bxe3 Kg8 20.b3 a5 21.
Rae1 a4 22.Bc1 Qf7 23.c4 axb3 24.axb3 Ra2 25.Qd5 Qxd5 26.cxd5 Nd4 27.Rxe7 
Rc8 28.Kh1 Rcc2 29.f5 Nxf5 30.Rxb7 Ra1 31.Rb8+ Kf7 32.Rb7+ Kg8 33.Rb8+ Kf7
34.Rb7+ 1/2-1/2

[Event "GMA World Cup qual f"]
[Site "Moscow URS"]
[Date "1990.??.??"]
[Round "3"]
[White "Nikolic, Predrag"]
[Black "Gelfand, Boris"]
[Result "1/2-1/2"]
[WhiteElo "2600"]
[BlackElo "2615"]
[EventDate "1990.05.??"]
[PlyCount "99"]

1.d4 Nf6 2.c4 g6 3.Nf3 Bg7 4.g3 O-O 5.Bg2 d6 6.O-O Nbd7 7.Nc3 e5 8.e4 exd4
9.Nxd4 Re8 10.h3 Nc5 11.Re1 Bd7 12.Rb1 Qc8 13.g4 h5 14.f3 c6 15.Bf4 hxg4 
16.hxg4 Ne6 17.Be3 Qd8 18.Nde2 Qe7 19.Qd2 Red8 20.Rbd1 Be8 21.Nf4 Nd7 22.
Nxe6 Qxe6 23.b3 Ne5 24.Ne2 Qe7 25.Nf4 Qf6 26.Qf2 a5 27.Nh3 Qe7 28.Qg3 a4 
29.f4 axb3 30.axb3 Nd7 31.Bd4 f6 32.g5 Bf7 33.gxf6 Nxf6 34.Qh4 Re8 35.Ng5 
Nh5 36.Bxg7 Kxg7 37.e5 dxe5 38.Rxe5 Qc7 39.Rde1 Rxe5 40.fxe5 Qb6+ 41.Kh2 
Rh8 42.Rf1 Bg8 43.Nh3 Qc7 44.Qg5 Bf7 45.Qe3 Re8 46.Re1 Nf6 47.Nf2 Nd7 48.
Ng4 Rh8+ 49.Kg1 Be6 50.Nf2 1/2-1/2